Plan de negocios para la creacción de una guardería canina en la ciudad de Oruro. / (Registro nro. 16169)

Detalles MARC
000 -LEADER
campo de control de longitud fija 01560nam a22002894aa4500
003 - IDENTIFICADOR DE NÚMERO DE CONTROL
campo de control BOFEUTO
005 - FECHA Y HORA DE LA ÚLTIMA TRANSACCIÓN
campo de control 20260513102551.0
008 - DATOS DE LONGITUD FIJA--INFORMACIÓN GENERAL
campo de control de longitud fija 260504t2025 bo gr 000 f spa d
040 ## - FUENTE DE CATALOGACIÓN
Enlace BOFEUTO
Centro catalogador/agencia de origen BOFEUTO
Centro/agencia transcriptor BOFEUTO
041 ## - CÓDIGO DE IDIOMA
Código de lengua del texto/banda sonora o título independiente spa
044 ## - CÓDIGO DEL PAÍS DE LA ENTIDAD EDITORA/PRODUCTORA
Código MARC del país bo
082 ## - NÚMERO DE LA CLASIFICACIÓN DECIMAL DEWEY
Número de clasificación TE6314
Número de ítem R741p
100 ## - ENTRADA PRINCIPAL--NOMBRE DE PERSONA
Nombre de persona Rojas Magne, Maura
Término indicativo de función/relación Autor
245 ## - MENCIÓN DEL TÍTULO
Título Plan de negocios para la creacción de una guardería canina en la ciudad de Oruro. /
Mención de responsabilidad, etc. Maura Rojas Magne, Rosario Del Castillo Rodríguez
260 ## - PUBLICACIÓN, DISTRIBUCIÓN, ETC.
Lugar de publicación, distribución, etc. Oruro :
Nombre del editor, distribuidor, etc. s/n,
Fecha de publicación, distribución, etc. 2025.
300 ## - DESCRIPCIÓN FÍSICA
Extensión 127 hojas ;
Otras características físicas tab, gráf. ;
Dimensiones 28.5 cm.
500 ## - NOTA GENERAL
Nota general Incluye bibliografía, anexos.
502 ## - NOTA DE TESIS
Nota de tesis Tesis Dirigida, (Licenciatura) -- Universidad Técnica de Oruro, Facultad de Ciencias Económicas, Financieras y Administrativas, Carrera Administración de Empresas, 2025.
520 ## - RESUMEN, ETC.
Sumario, etc. El presente trabajo de tesis plantea la creación de una guardería canina en la ciudad de Oruro, pensada como una alternativa innovadora y especializada para el cuidado temporal de perros, integrando servicios de reacción, atención básica, higiene, alimentación y transporte. Esta propuesta surge en respuesta a la creciente tendencia de humanización de las mascotas y a la limitada oferta de servicios especializados en la región, evidenciado una oportunidad de emprendimiento con potencial de sostenibilidad y crecimiento.
650 ## - PUNTO DE ACCESO ADICIONAL DE MATERIA--TÉRMINO DE MATERIA
Término de materia o nombre geográfico como elemento de entrada Plan de Negocios
653 ## - TÉRMINO DE INDIZACIÓN--NO CONTROLADO
Término no controlado Creación
653 ## - TÉRMINO DE INDIZACIÓN--NO CONTROLADO
Término no controlado Servicios
653 ## - TÉRMINO DE INDIZACIÓN--NO CONTROLADO
Término no controlado Atención
653 ## - TÉRMINO DE INDIZACIÓN--NO CONTROLADO
Término no controlado Transporte
700 ## - ENTRADA AGREGADA--NOMBRE PERSONAL
Nombre de persona Del castillo Rodríguez, Rosario
Término indicativo de función/relación tutor
942 ## - ELEMENTOS DE ENTRADA SECUNDARIOS (KOHA)
Fuente del sistema de clasificación o colocación Clasificación Decimal Dewey
Tipo de ítem Koha Tesis
Suprimir en OPAC No
Existencias
Estatus retirado Estado de pérdida Fuente del sistema de clasificación o colocación Estado de daño No para préstamo Biblioteca de origen Biblioteca actual Ubicación en estantería Fecha de adquisición Número de inventario Total de préstamos Signatura topográfica completa Código de barras Visto por última vez Fecha del último préstamo Copia número Precio de reemplazo Tipo de ítem Koha
No dañado Disponible Clasificación Decimal Dewey No Dañado Disponible Biblioteca Central Biblioteca Central Tesis 04/05/2026 6314 1 TE6314/R741p/2025 TE6314 15/05/2026 15/05/2026 Ej.1 13/05/2026 Tesis

Biblioteca Central
Dirección: Calle Cochabamba entre 6 de Octubre y Potosí s/n
Teléfono: (591-2)5281707 - 2-52-38450
Contacto: biblioteca.central@gmail.com